000 00316 a2200157 4500
001 160340
020 _a
040 _cMagnum
100 _aBraido, Eunice
240 1 0 _aComo nasce o jacare
_lpor
245 1 0 _aComo nasce o jacare
362 0 _a1899
440 1 _aFTD
697 _aI/PARADIDATICO
942 _cBK
999 _c160340
_d160340